| 000 | 01664cam a22004097a 4500 | ||
|---|---|---|---|
| 999 |
_c3606 _d3606 |
||
| 001 | 16781336 | ||
| 003 | Nust | ||
| 005 | 20180117090010.0 | ||
| 008 | 110516s2010 maua a 001 0 eng | ||
| 010 | _a 2011377222 | ||
| 020 | _a9780324786453 (pbk.) | ||
| 020 | _a032478645X (pbk;) | ||
| 035 | _a(OCoLC)ocn401337953 | ||
| 040 |
_aNUI _cNUI _dNUI _dBTCTA _dYDXCP _dUV0 _dDLC |
||
| 042 | _alccopycat | ||
| 050 | 0 | 0 |
_aQA76.5 _b.S4577 2010 |
| 082 | 0 | 0 |
_a004 _223 |
| 100 | 1 | _aShelly, Gary B. | |
| 245 | 1 | 0 |
_aDiscovering computers 2010 : _bliving in a digital world : complete / _cGary B. Shelly, Misty E. Vermaat ; contributing authors Jeffrey J. Quasney, Susan L. Sebok, Steven M. Freund. |
| 260 |
_aBoston, MA : _bCourse Technology, Cengage Learning, _cc2010. |
||
| 300 |
_a1 v. (various pagings) : _bill. (chiefly col.) ; _c28 cm. |
||
| 490 | 1 | _aShelly Cashman series | |
| 504 | _aIncludes index. | ||
| 650 | 0 | _aComputers. | |
| 650 | 0 | _aComputer science. | |
| 650 | 0 | _aComputer networks. | |
| 700 | 1 | _aVermaat, Misty. | |
| 700 | 1 | _aQuasney, Jeffrey J. | |
| 700 | 1 | _aSebok, Susan L. | |
| 700 | 1 | _aFreund, Steven M. | |
| 800 | 1 |
_aShelly, Gary B. _tShelly Cashman series. |
|
| 906 |
_a7 _bcbc _ccopycat _d2 _encip _f20 _gy-gencatlg |
||
| 942 |
_2ddc _cBK |
||